Statistiques concernant QA #23 - Nommez une réponse valide - Noël

Cliquez ici pour prendre le quiz!

Statistiques générales

  • Ce quiz a été pris 250 fois
  • Le résultat moyen est 6 sur 10

Statistiques - réponses

Nommez...Réponses% Correct
...un saint de décembreFlorence | Viviane | François-Xavier | Barbara | Gérard | Nicolas | Ambroise | Conception | Léocadie | Eulalie | Daniel | Corentin | Lucile | Odile | Nino | Adélaïde | Judicaël | Gatien | Urbain | Théophile | Pierre | Françoise-Xavière | Armand | Adèle | Noël | Etienne | Jean | Innocent | David | Roger | Sylvestre
88%
...un apôtre de JésusAndré | Barthélémy | Jacques, fils d'Alphée | Jacques, fils de Zébédée | Jean | Judas Iscariote | Mathieu | Philippe | Pierre (Simon) | Simon le Cananéen | Thaddée (Jude) | Thomas
85%
...un Roi mageGaspard | Melchior | Balthazar
84%
...une des 5 LégendesE. Aster Bunnymund | Fée des dents | Jack Frost | Marchand de sable | Nicholas St. North
79%
...un renne du Père NoëlComète | Cupidon | Danseur | Eclair | Fringant | Furie | Rudolphe | Tonnerre | Tornade
77%
...un pays ou célébrer Noël est un crimeArabie Saoudite | Brunei | Corée du Nord | Somalie | Tadjikistan
64%
...un présent des Rois magesOr | Encens [ Myrrhe
60%
...un département où peut être produit du champagneAisne | Aube | Haute-Marne | Marne | Seine-et-Marne
41%
...un des 13 desserts de NoëlAgrumes | Dattes | Calissons d'Aix | Figues séchées | Fougasse | Fruits confits | Noix | Melon d'eau | Nougat blanc | Nougat noir | Nougat rouge | Pâte de coing | Raisins secs
35%
...un des 4 royaumes dans Casse-Noisette Terre du Divertissement | Terre des Flocons de Neige | Terre des Fleurs | Terre des Friandises
8%

Distribution des résultats

Percentile par nombre de réponses

% des personnes avec chaque résultat

Votre développement - résultats

Vous n’avez pas pris ce quiz